The letter change game thingy Quiz Stats

Quiz not verified by Sporcle

Challenge
Share
Tweet
Embed
Score 0/10 Timer 03:00
0 Plays Today
Hint Answer % Correct
ACDCBand
83.3%
Water From The SkyRain
75%
American SoilLand
66.7%
Your GrassLawn
66.7%
AquireGain
66.7%
HurtPain
41.7%
Sell For MoneyPawn
41.7%
Attack SomethingRaid
33.3%
DishsoapDawn
33.3%
Most usedMain
16.7%

You're not logged in!

Compare scores with friends on all Sporcle quizzes.
Join for Free
OR
Log In

You Might Also Like...

Show Comments

Extras

Created Mar 13, 2017ReportNominate
Tags:Letter Quiz

Top Quizzes Today


Score Distribution

Your Account Isn't Verified!

In order to create a playlist on Sporcle, you need to verify the email address you used during registration. Go to your Sporcle Settings to finish the process.

Report this User

Report this user for behavior that violates our Community Guidelines.

Details: